| 000 | 00486nam a2200169Ia 4500 | ||
|---|---|---|---|
| 005 | 20250508164613.0 | ||
| 008 | 008 250505s9999 xx 000 0 hin d | ||
| 037 | _aReference | ||
| 040 |
_aFEDL _beng _cFEDL |
||
| 041 |
_ahin _2eng |
||
| 084 |
_a491.433, MAN/RR _qFEDL |
||
| 100 | _aVarma Ramchandra | ||
| 245 | 0 | _aManak hindi kosh. 5 Vols. | |
| 260 |
_aPrayag, India _bHindi Sahitya Sammelan _c1963 |
||
| 942 |
_cREF _h491.433, MAN/RR |
||
| 999 |
_c1390093 _d1390093 |
||